The myth of the machine the Pentagon of power

সংরক্ষণ করুন:
গ্রন্থ-পঞ্জীর বিবরন
প্রধান লেখক: Mumford, Lewis (Author)
বিন্যাস: গ্রন্থ
ভাষা:ইংরেজি
প্রকাশিত: Nueva York Harcourt Brace Jovanovich 1970
বিষয়গুলি:
ট্যাগগুলো: ট্যাগ যুক্ত করুন
কোনো ট্যাগ নেই, প্রথমজন হিসাবে ট্যাগ করুন!

MARC

LEADER 00000nam a2200000 a 4500
001 UCX7508
003 CL-VaPUC
008 931213e19700000US |||||||||||||||||eng|d
082 0 4 |a 306.2  |b MUM  |2 21 
100 |a Mumford, Lewis  |e author  |9 411579 
245 1 4 |a The myth of the machine the Pentagon of power 
300 |a 496 p 
942 |c BK 
945 |d 19931213 00:00:00  |a aalvarez 
260 |a Nueva York  |b Harcourt Brace Jovanovich  |c 1970 
650 7 |a TECNOLOGIA Y CIVILIZACION  |2 CL-VaPUC  |9 312103 
583 |a last modification  |c 19931213 00:00:00  |k Rodrigo Vera 
999 |c 227314  |d 227312 
952 |0 0  |1 0  |4 0  |6 306_200000000000000_MUM_1970  |7 0  |8 A  |9 226242  |a BIBHIS  |b BIBHIS  |d 2019-11-15  |i 2947986  |o 306.2 MUM 1970  |p 2947986  |r 2025-01-20  |w 2019-11-15  |y BK  |k HIS